000 00746nam a2200289Ia 4500
005 20260324133916.0
008 008 260324s9999 xx 000 0 eng d
020 _a9781315783277
037 _aEBOOK
040 _aCRL
040 _beng
040 _cCRL
041 _2eng
041 _aeng
084 _qCRL
100 _aMike Hobbs; Jason Hepple; Jane Pearce; Philip Wilkinson
_91194839
245 0 _aPsychological Therapies with Older People
245 0 _bDeveloping Treatments for Effective Practice
260 _bTaylor and Francis
260 _c2002
365 _a
365 _b110
856 _uhttp://www.taylorfrancis.com/books/9781315783277
942 _cEBOOK
999 _c1794382
_d1794382